Compagnies pétrolieres et pays producteurs: de nouvelles relations?

Nastolenie nových vzťahov medzi naftovými spoločnosťami a produkčnými krajinami. Politické faktory týchto premien. Sily naftového trhu. Svetové zásoby ropy na konci r. 1990. Stratégia francúzskych naftových skupín. Nový kontrakt medzi produkčnými krajinami a naftovými spoločnosťami. (Le Nouvel écono...

Descrizione completa

Salvato in:
Dettagli Bibliografici
Autore principale: Hazera, J.-C
Natura: Capitolo di libro
Lingua:francese
Soggetti:
Tags: Aggiungi Tag
Nessun Tag, puoi essere il primo ad aggiungerne!!

MARC

LEADER 00000naa a2200000 4500
001 r008782
005 20220913124914.4
041 0 |a fre 
044 |a FR 
245 1 0 |a Compagnies pétrolieres et pays producteurs: de nouvelles relations?  |c J.-C. Hazera 
520 |a Nastolenie nových vzťahov medzi naftovými spoločnosťami a produkčnými krajinami. Politické faktory týchto premien. Sily naftového trhu. Svetové zásoby ropy na konci r. 1990. Stratégia francúzskych naftových skupín. Nový kontrakt medzi produkčnými krajinami a naftovými spoločnosťami. (Le Nouvel économiste 1991, č. 818). 
610 2 0 |a nafta 
610 2 0 |a podnik ťažobný 
610 2 0 |a rafinérie 
610 2 0 |a vzťahy medzipodnikové 
610 2 0 |a trh svetový 
610 2 0 |a Francúzsko 
610 2 0 |a zmluvy hospodárske 
100 1 |a Hazera, J.-C.